50 US STATES - World Geography - Statistics

General Stats
  • This quiz has been taken 52 times
  • The average score is 44 of 50
Answers on the Map
Answers color-coded by a green-red scale on the quiz's map according to % correct below.
 
Answer Stats
Answer % Correct
Alaska,
98%
California,
98%
Florida,
98%
New York,
98%
Texas,
98%
Hawaii,
96%
Nevada,
96%
Washington,
96%
Alabama,
91%
Arizona,
91%
Arkansas,
91%
Colorado,
91%
Illinois,
91%
Kentucky,
91%
Maine,
91%
Massachusetts,
91%
New Jersey,
91%
New Mexico,
91%
North Dakota,
91%
South Carolina,
91%
South Dakota,
91%
Louisiana,
89%
Montana,
89%
North Carolina,
89%
Georgia,
87%
Idaho,
87%
Kansas,
87%
Maryland,
87%
Ohio,
87%
Pennsylvania,
87%
Connecticut,
85%
Delaware,
85%
Indiana,
85%
Michigan,
85%
Oklahoma,
85%
Oregon,
85%
Rhode Island,
85%
Wisconsin,
85%
Wyoming,
85%
Minnesota,
83%
Mississippi,
83%
Missouri,
83%
Utah,
83%
Iowa,
80%
New Hampshire,
80%
Virginia,
80%
Nebraska,
78%
Tennessee,
78%
West Virginia,
78%
Vermont,
76%
No matching quizzes found
Score Distribution
Percent of People with Each Score
Percentile by Number Answered
Your Score History
You have not taken this quiz